Countries Flag Quiz - Multiple choice - Statistics

General Stats
  • This quiz has been taken 7 times
  • The average score is 12 of 15
Answer Stats
Question Answer % Correct
Which one is the Jamaican flag?
100%
Which country features a maple leaf on its flag? Canada
100%
What is the rarest color to find on a National flag? Purple
100%
Choose the flag of France.
83%
The flag of Barbados features what on its national flag? A trident
83%
Which country features a white dragon on its flag? Bhutan
83%
Which island nation features an actual map of the country on its flag? Cyprus
83%
Which country DOES NOT have only blue and yellow on its flag? Iceland
83%
Which is the only country to have a non-rectangular (or square) flag? Nepal
83%
If you flip the national flag of Indonesia upside down which European country's flag do you get? Poland
83%
Which one of these countries has only Red and White on its flag? Switzerland
83%
Which country has a square flag? Switzerland
67%
How many stripes are on the flag of the United States of America? 13
50%
How many stars are there on the Australian flag? 6
33%
Which country holds the record for the most colors (12 colors) on a national flag? Belize
33%
No matching quizzes found
Score Distribution
Percent of People with Each Score
Percentile by Number Answered
Your Score History
You have not taken this quiz